000 00494nam a2200181Ia 4500
001 7588
005 20260306160506.0
008 260306t1996||||xx |||||||||||||| ||spa||
041 _aESP
082 _a352
_bP26
100 _aParedes Corro, Carlos
_eAUT
245 0 _aProcedimientos en la administración municipal:
_b(administrativo, tributario y de cobranza coactiva)
260 _c1996
300 _a197 páginas :
_c20 cm.
650 _aGEN
654 _aCAN
942 _cLIB
_dJUS
_fJUS
_2ddc
_n
999 _c7588
_d7588